1744 1470 1835 1107 1284 1685 1264 1068 1394 1885 1282 1816 1959 1200 1901 1656 1400 1035 1528 1529 1649 1972 1960 1589 1097 1231 1621 1730 1763 1696 1386 1307 1479 1020 1486 1819 1764 1047 1831 1077 1109 1307 1355 1310 1966 1781 1358 1137 1432 1844 1708 1052 1452 1194 1736 1209 1579 1575 1553 1051 1891 1870 1922 1086 1165 1271 1591 1344 1422 1325 1809 1002 1050 1321 1463 1121 1205 1603 1999 1480 1619 1036 1074 1253 1918 1656 1112 1113 1236 1765 1808 1053 1877 1140 1345 1038 1373 1174 1454 BCNSPRNW ULIB Ver.6.0+V

เปลี่ยนเป็นภาษาไทย

Change to English
 แสดงรายละเอียดบรรณานุกรม
  กลับหน้าหลัก

Brief Record : Get Marc (ISO 2709) : E-mail record : QR code < ปิดหน้าต่าง
LEADER : 00000nam 2200000uu 4500
001    13399124004
003     ULIB
008    141223s2550||||th 000 0 tha d
020    ^a9789749350980
050    ^aอ PE1645^bl472์
245    ^aNew Model English-Thai Dictionary /สอ เสถบุตร, ผู้รวบรวม.
260    ^aกรุงเทพฯ : พรีมา พับบลิชชิง, 2550
300    ^a964หน้า
650    ^aภาษาอังกฤษ -- พจนานุกรม -- ภาษาไทย
700    ^aสอ เสถบุตร, ผู้รวบรวม.
945    ^p390^l0^i021642
945    ^p390^l0^i024371
999    ^aเกษร โพธิ์สุวรรณ
รายการนี้ยังไม่มีแท็ก
คุณยังไม่ได้ล็อกอิน คุณสามารถมีกิจกรรมร่วมกับเว็บไซต์ได้ แต่ต้องล็อกอินก่อน ::
  ล็อกอิน

รายการสื่อสารสนเทศ

ลำดับที่ ประเภท เลขเรียก/บาร์โค้ด สถานที่ สถานะ
1. การศึกษาทั่วไป
การศึกษาทั่วไป
อ PE1645 l472์ ฉ.1 
  Barcode: 021642
ห้องสมุดวิทยาเขตสวรรค์ประชารักษ์
►หนังสือทั่วไป
บนชั้น
2. การศึกษาทั่วไป
การศึกษาทั่วไป
อ PE1645 l472์ ฉ.2 
  Barcode: 024371
ห้องสมุดวิทยาเขตสวรรค์ประชารักษ์
►หนังสือทั่วไป
บนชั้น

BibComment


ยังไม่เคยถูกคอมเมนท์

คอมเมนท์ทรัพยากรรายการนี้
  คอมเมนท์: New Model Englis..


 Copyright 2026. Bcnsprnw @Library